000 00340nam a22001457a 4500
008 210426b ||||| |||| 00| 0 eng d
020 _a978145763694385915936
041 _aeng
080 _22nd
_a371
082 _a371
100 _a46
101 _aEDU
245 _aWriting About A College Reader Writing
_cWardle,E
942 _2udc
_cBK
999 _c56701
_d56701